000 01352nam a2200397 4500
001 53902
003 ES-MaCES
005 20251022105740.0
008 251013s2025 sp ||||| |||||||||||spa|d
017 _aS 74-2025
_bDL
020 _a9788410176058
040 _aES-MaCES
_bspa
_cES-MaCES
245 0 0 _aSexismo digital
_b: los riesgos de las tecnologías digitales para los derechos de las mujeres
_cLucía Benítez-Eyzaguirre (ed.)
250 _a1ª ed
260 _aSalamanca
_bComunicación Social, ediciones y publicaciones
_c2025
300 _a140 p.
_c22 cm
490 1 _aComunicación y género
_v4
504 _aBibliografía
541 _cCompra
650 4 _928657
_amujeres
650 4 _930788
_anuevas tecnologías
650 4 _930104
_atecnología de la información
650 4 _930166
_ainteligencia artificial
650 4 _930715
_atransmisión de los datos
650 4 _930732
_aevaluación del impacto
650 4 _929521
_adiscriminación por razones de sexo
650 4 _929392
_asistema de valores
650 4 _927287
_acontrol social
650 4 _927173
_aderechos de la mujer
650 4 _927183
_aigualdad de oportunidades
653 1 0 _aMujer
700 1 _941508
_aBenítez-Eyzaguirre, Lucía
_eed. lit.
830 0 _941509
_aComunicación y género
_v4
902 _aLIB Libro
942 _2CES
_cBK
_h3.3.
999 _c53902
_d53902